| 000 | 00618nam a22002177a 4500 | ||
|---|---|---|---|
| 005 | 20170124110247.0 | ||
| 010 | _aA-896283 | ||
| 020 |
_c100.00 _a8126001267 |
||
| 035 | _aA-896283 | ||
| 037 | _bCen Lib/Ret | ||
| 040 |
_aDPL _bEN |
||
| 082 |
_aS _bTWE |
||
| 110 |
_aNew Delhi.Sahitya Akademi _997769 |
||
| 245 | _aTwenty three hindi short stories / | ||
| 260 |
_bSahitya Akademi _c1998 _aNew Delhi |
||
| 270 |
_aRabindra Bhavan, 35, Ferozshah Road _bNew Delhi _e110001 |
||
| 300 |
_a224p. _c20cm(Hb) |
||
| 650 |
_aLiterature -- fiction _997770 |
||
| 650 |
_aEnglish stories _926733 |
||
| 942 |
_2ddc _cEN _hS _mTWE |
||
| 999 |
_c135592 _d135592 |
||